| 000 | 00685nam a2200229 4500 | ||
|---|---|---|---|
| 003 | OSt | ||
| 005 | 20240705074332.0 | ||
| 006 | a | ||
| 008 | 240705b |||||||| |||| 00| 0 eng d | ||
| 020 | _a9710869256 | ||
| 040 |
_aDWCL-Main lib. _cOC |
||
| 082 | _aFil. 371.4 T917b 2008 | ||
| 100 | _aTulio, Doris D. | ||
| 245 | _aA breakthrough in school guidance and counseling / | ||
| 260 |
_aMandaluyong City : _bNational Book Store, _cc2008. |
||
| 300 |
_ax, _b213 p. : ill. ; _c22 cm. |
||
| 504 | _aIncludes bibliographical references. | ||
| 650 | _a1. School counseling. | ||
| 650 | _a2. Educational counseling. | ||
| 650 | _a3. Counseling. | ||
| 942 |
_2ddc _n0 _cBK - FIL _kFil. |
||
| 999 |
_c2042 _d2042 |
||